<?xml version="1.0" encoding="UTF-8"?>
<record
    xmlns:xsi="http://www.w3.org/2001/XMLSchema-instance"
    xsi:schemaLocation="http://www.loc.gov/MARC21/slim http://www.loc.gov/standards/marcxml/schema/MARC21slim.xsd"
    xmlns="http://www.loc.gov/MARC21/slim">

  <leader>03306nam a2200397Ii 4500</leader>
  <controlfield tag="001">DIGPUCP112</controlfield>
  <controlfield tag="003">NyNyDIG</controlfield>
  <controlfield tag="008">190217s2009    pe      ob    000 0 spa d</controlfield>
  <controlfield tag="006">m     o  d        </controlfield>
  <controlfield tag="007">cr |||||||||||</controlfield>
  <datafield tag="035" ind1=" " ind2=" ">
    <subfield code="a">(OCoLC)865819421</subfield>
  </datafield>
  <datafield tag="040" ind1=" " ind2=" ">
    <subfield code="a">DGITA</subfield>
    <subfield code="b">eng</subfield>
    <subfield code="e">rda</subfield>
    <subfield code="e">pn</subfield>
    <subfield code="c">DGITA</subfield>
  </datafield>
  <datafield tag="020" ind1=" " ind2=" ">
    <subfield code="z">9789972428845</subfield>
  </datafield>
  <datafield tag="020" ind1=" " ind2=" ">
    <subfield code="z">9972428842</subfield>
  </datafield>
  <datafield tag="050" ind1="1" ind2="4">
    <subfield code="a">B29 ebook</subfield>
  </datafield>
  <datafield tag="082" ind1="0" ind2="4">
    <subfield code="a">100</subfield>
  </datafield>
  <datafield tag="245" ind1="0" ind2="0">
    <subfield code="a">Ensayos de metafilosof&#xED;a /</subfield>
    <subfield code="c">Pablo Quintanilla, editor.</subfield>
  </datafield>
  <datafield tag="264" ind1=" " ind2="1">
    <subfield code="a">Lima, Per&#xFA; :</subfield>
    <subfield code="b">Fondo Editorial, Pontificia Universidad Cat&#xF3;lica del Per&#xFA;,</subfield>
    <subfield code="c">[2009]</subfield>
  </datafield>
  <datafield tag="300" ind1=" " ind2=" ">
    <subfield code="a">1 online resource.</subfield>
  </datafield>
  <datafield tag="336" ind1=" " ind2=" ">
    <subfield code="a">text</subfield>
    <subfield code="b">txt</subfield>
    <subfield code="2">rdacontent</subfield>
  </datafield>
  <datafield tag="337" ind1=" " ind2=" ">
    <subfield code="a">computer</subfield>
    <subfield code="b">c</subfield>
    <subfield code="2">rdamedia</subfield>
  </datafield>
  <datafield tag="338" ind1=" " ind2=" ">
    <subfield code="a">online resource</subfield>
    <subfield code="b">cr</subfield>
    <subfield code="2">rdacarrier</subfield>
  </datafield>
  <datafield tag="500" ind1=" " ind2=" ">
    <subfield code="a">"Este libro recoge algunas de las investigaciones presentadas en el XII Coloquio Iberoamericano de Filosof&#xED;a Anal&#xED;tica, que se realiz&#xF3; en la Pontificia Universidad Cat&#xF3;lica del Per&#xFA;, en Lima, en noviembre de 2007" (page [9])</subfield>
  </datafield>
  <datafield tag="504" ind1=" " ind2=" ">
    <subfield code="a">Includes bibliographical references.</subfield>
  </datafield>
  <datafield tag="505" ind1="0" ind2=" ">
    <subfield code="a">La funci&#xF3;n metafilos&#xF3;fica del escepticismo / Luis Eduardo Hoyos -- Metafilosof&#xED;a y presupuestos del esc&#xE9;ptico : comentarios a Luis Eduardo Hoyos / Federico Penelas -- Tugendhat, la filosof&#xED;a anal&#xED;tica y la pregunta por el ser humano / Eduardo Fermandois -- O fil&#xF3;sofo entre a l&#xF3;gica e a arte : acerca do escrito "Filosofia", de Wittgenstein / Silvia Faustino de Assis Saes -- Comentario a Silvia Faustino / V&#xED;ctor J. Krebs -- Danto y la definici&#xF3;n esencialista del arte : &#xBF;Una alternativa pluralista a los "parecidos de familia"? / Ver&#xF3;nica Tozzi -- Contra a incomensurabilidade entre teorias filos&#xF3;ficas : uma abordagem kripkeana / Breno Hax Junior -- &#xBF;Dos nociones comparables de inconmensurabilidad? : comentario a Breno Hax Junior / Ra&#xFA;l Mel&#xE9;ndez -- Dos modos de presentarse la ontolog&#xED;a / Carlos E. Caorsi -- Comentario a Carlos Caorsi / C&#xE9;sar Escajadillo -- El rol de la filosof&#xED;a en la psicolog&#xED;a y la neurociencia / Ricardo A. Braun -- Comentario a Ricardo Braun / &#xD3;scar Augusto Garc&#xED;a Z&#xE1;rate -- El lenguaje del color y la objetividad del color / Mario G&#xF3;mez Torrente -- La subjetividad del lenguaje del color : comentario a Mario G&#xF3;mez Torrente / Manuel Garc&#xED;a-Carpintero -- Psicologismo, metaf&#xED;sica y sinsentido / Javier Vidal -- Composicionalidad, pensamiento y sinsentido : comentario a Javier Vidal / Jos&#xE9; A. D&#xED;ez -- Estrategias filos&#xF3;ficas : Davidson y Taylor acerca del significado y la interpretaci&#xF3;n / Pablo Quintanilla -- Comentario a Pablo Quintanilla / Pedro Stepanenko Guti&#xE9;rrez -- Teor&#xED;as del significado y traducci&#xF3;n / Josep Maci&#xE0; -- Interpretaci&#xF3;n y traducci&#xF3;n : comentario a Josep Maci&#xE0; / Eleonora Orlando.</subfield>
  </datafield>
  <datafield tag="650" ind1=" " ind2="0">
    <subfield code="a">Philosophy.</subfield>
  </datafield>
  <datafield tag="650" ind1=" " ind2="0">
    <subfield code="a">Metaphysics.</subfield>
  </datafield>
  <datafield tag="655" ind1=" " ind2="0">
    <subfield code="a">Electronic books.</subfield>
  </datafield>
  <datafield tag="700" ind1="1" ind2=" ">
    <subfield code="a">Quintanilla, Pablo,</subfield>
    <subfield code="e">editor.</subfield>
  </datafield>
  <datafield tag="791" ind1="2" ind2=" ">
    <subfield code="a">Digitalia (Firm),</subfield>
    <subfield code="e">distributor.</subfield>
  </datafield>
  <datafield tag="793" ind1="0" ind2=" ">
    <subfield code="g">Digitalia eBook Collection:</subfield>
    <subfield code="a">Pontificia Universidad Cat&#xF3;lica del Per&#xFA;.</subfield>
  </datafield>
  <datafield tag="776" ind1="0" ind2="8">
    <subfield code="i">Print version:</subfield>
    <subfield code="t">Ensayos de metafilosof&#xED;a.</subfield>
    <subfield code="d">Lima, Per&#xFA; : Fondo Editorial de la Pontifiicia Universidad Cat&#xF3;lica del Per&#xFA;, 2009</subfield>
    <subfield code="z">9789972428845</subfield>
    <subfield code="w">(OCoLC)880311195</subfield>
  </datafield>
  <datafield tag="856" ind1="4" ind2="0">
    <subfield code="3">Digitalia Hisp&#xE1;nica</subfield>
    <subfield code="u">https://www.digitaliapublishing.com/a/9820/</subfield>
  </datafield>
  <datafield tag="910" ind1=" " ind2=" ">
    <subfield code="a">Premium Collection: 2007-2012</subfield>
  </datafield>
  <datafield tag="942" ind1=" " ind2=" ">
    <subfield code="c">RAA</subfield>
  </datafield>
  <datafield tag="952" ind1=" " ind2=" ">
    <subfield code="0">0</subfield>
    <subfield code="1">0</subfield>
    <subfield code="4">0</subfield>
    <subfield code="7">0</subfield>
    <subfield code="8">DEH</subfield>
    <subfield code="a">BD-UIN</subfield>
    <subfield code="b">BD-UIN</subfield>
    <subfield code="d">2025-04-25</subfield>
    <subfield code="l">0</subfield>
    <subfield code="r">2025-04-25</subfield>
    <subfield code="w">2025-04-25</subfield>
    <subfield code="y">RAA</subfield>
  </datafield>
  <datafield tag="999" ind1=" " ind2=" ">
    <subfield code="c">232217</subfield>
    <subfield code="d">232217</subfield>
  </datafield>
</record>
